| 000 | 00548nam a22002177a 4500 | ||
|---|---|---|---|
| 003 | OSt | ||
| 005 | 20260423153834.0 | ||
| 008 | 260423b |||||||| |||| 00| 0 eng d | ||
| 020 | _a81-7130-205-X | ||
| 040 | _cSBCL | ||
| 082 |
_a894.8123 _bMUK-D |
||
| 100 | _aMukundan, M. | ||
| 245 | _aDaivathinte Vikruthikal | ||
| 250 | _a31st ed. | ||
| 260 |
_aKottayam _bDC Books _c2025 |
||
| 300 | _a320p. | ||
| 630 | _xLiterature | ||
| 650 | _aLiteratures of other languages | ||
| 650 | _aAltaic, Uralic, Hyperborean & Dravidian | ||
| 942 | _cBOOK | ||
| 999 |
_c138038 _d138038 |
||